Introducción a la literatura Bizantina

Gorde:
Xehetasun bibliografikoak
Egile nagusia: Vasilikopulu- Ioanidu, Agní (Egilea)
Formatua: Liburua
Hizkuntza:gaztelania
Argitaratua: Santiago Centro de Estudios Griegos Bizantinos y Neohelénico 2005
Gaiak:
Etiketak: Etiketa erantsi
Etiketarik gabe, Izan zaitez lehena erregistro honi etiketa jartzen!

MARC

LEADER 00000nam a2200000 a 4500
001 UCI0470
003 CL-VaPUC
008 070511e20050000CL |||||||||||||||||spa|d
020 |a 9561904799 
082 0 4 |a 880.9  |b VAS  |2 21 
100 0 |a Vasilikopulu- Ioanidu, Agní  |e author  |9 520618 
245 1 0 |a Introducción a la literatura Bizantina 
300 |a 143 p 
942 |c BK 
945 |d 20070511 00:00:00  |a jtorresc 
260 |a Santiago  |b Centro de Estudios Griegos Bizantinos y Neohelénico  |c 2005 
650 0 |a Literatura Bizantina  |9 342298 
650 0 |a Historia y crítica   |9 257407 
583 |a last modification  |c 20130305 11:17:16  |k Rodrigo Vera 
999 |c 325623  |d 325621 
952 |0 0  |1 0  |4 0  |6 880_900000000000000_VAS_2005  |7 0  |8 A  |9 406680  |a BIBART  |b BIBART  |d 2019-11-22  |i 4281284  |o 880.9 VAS 2005  |p 4281284  |r 2025-03-13  |w 2019-11-22  |y BK  |k ART